Udatný Radúz

Bibliographic Details
Main Author: Krno, Miloš, 1922-2007 (Author)
Other Authors: Vanko, Miloš (gup)
Format: Article
Language:Slovak
PhysicalDescription:Nedeľa, príloha Nového slova, č. 8, s. /4-5/.
Subjects:

MARC

LEADER 00000nab a2200000 a 4500
001 vtls000177555
003 SK-MaSNL
005 20260302202153.0
008 111104c1984 xo 0 slo
015 |a SNBRB19rr/mm-uuuuu 
035 |a CL0187668 
040 |a SNKBUCL  |b slo  |c SNKBUCL  |e AACR2 
041 0 |a slo 
044 |a xo  |c SK 
080 |a 885.4-3  |2 1981 
100 1 |a Krno, Miloš,  |d 1922-2007  |4 aut  |9 122971 
245 1 0 |a Udatný Radúz  |c Miloš Krno ; Miloš Vanko 
300 |b Nedeľa, príloha Nového slova, č. 8, s. /4-5/. 
650 0 7 |a romány spoločenské  |2 snkbucl  |9 402806 
650 0 7 |a satirické romány  |2 snkbucl  |9 51582 
655 7 |a články z novín a časopisov  |2 snkbucl  |9 267496 
655 7 |a články z odboru literárna veda a krásna literatúra  |2 snkbucl  |9 770045 
700 1 |a Vanko, Miloš  |4 gup  |9 277161 
773 0 |t Nové slovo  |g Roč. 26, č. 8 (1984) 
850 |a Slovenská národná knižnica v Martine  |a MTA001 
852 |a SNK  |b KIS3GCP 
958 |a RK 
958 |a LX 
992 |a RBX 
999 |c 1463756  |d 1465686